000 00239nam a2200109Ia 4500
008 190216s9999||||xx |||||||||||||| ||und||
100 _aGupta Kamal
245 0 _aContemporary Auditing
260 _bNull
_c1983
300 _a683p
942 _cBK
999 _c5286
_d5286